| 000 | 00856nam a2200265Ia 4500 | ||
|---|---|---|---|
| 001 | 21771 | ||
| 005 | 20260320113311.0 | ||
| 008 | 260320s9999||||xx |||||||||||||| ||und|| | ||
| 020 | _a9786124566233 | ||
| 041 | _aESP | ||
| 082 |
_a617.412 _bA77 |
||
| 100 |
_aArrarte Congrains, Rafael Vicente, _eAUT |
||
| 245 | 0 |
_aManual de cirugía vascular periférica de urgencia _b |
|
| 246 |
_a _5 _b |
||
| 250 | _aPrimera edición | ||
| 260 |
_aArequipa : _bUniversidad Nacional de San Agustín de Arequipa, _c2013 |
||
| 300 |
_a132 páginas : _bilustraciones, cuadros, tablas ; _c21 cm. _e |
||
| 440 |
_a _n _v |
||
| 650 | _aTCA | ||
| 653 | _aCirugía vascular | ||
| 654 | _aCCS | ||
| 700 |
_a _c |
||
| 856 |
_uhttps://accessmedicina-mhmedical-com.ucsp.lookproxy.com/ _zVéase además: Base de datos McGraw Hill Access Medicina |
||
| 942 |
_cLIB _dJUS _fMAT _2ddc _n |
||
| 999 |
_c21771 _d21771 |
||